000 00359nam a2200133Ia 4500
008 151001s9999||||xx |||||||||||||| ||und||
100 _aशैलजा राजे
245 _aकृतार्थ
250 _a1
260 _bराजेंद्र प्रकाशन ठाणे
260 _c1988
300 _a166
365 _b18
999 _c967092
_d967089